000 01256nam0a2200325 4500
001 RU\NLR\bibl\1727721
005 20260405223638.0
010 _a978-5-271-31578-7
_92000
_bсиняя фольга
021 _aRU
_b2010-103172
_96972
035 _a(nilc)RSL-KNO-004871321
035 _a(NLR Aleph) 001718686
090 _a1325833
_c1325833
100 _a20101227d2010 |||y0rusy50 ca
101 0 _arus
102 _aRU
105 _aa |||||||||
200 1 _aНовые стихи и песни для детей
_fТатьяна Заклужная (Любаша)
_gред. Николай Мелентьев
_g[худож. Михаил Ермолов]
210 _aМосква
_cАстрель
_d2010
215 _a93, [2] с.
_cцв. ил.
_d25
686 _aШ9(2)6=Р70-5я44
_2rubbk
686 _aШ9(2)60=Р7-5
700 1 _4070
_7ca
_8rus
_aЗалужная
_bТ. Г.
_gТатьяна Георгиевна
_984749
_3RU\NLR\auth\77101823
702 1 _4040
_7ca
_8rus
_aЕрмолов
_bМ.
_cхудожник
_f1955-
_gМихаил
_984750
_3RU\NLR\auth\77101824
801 0 _aRU
_bRuMoRKP
_c20101227
_grcr
801 1 _aRU
_bRuMoRGB
_c20101227
801 2 _aRU
_bNLR
_c20110127
_grcr
942 _cBOOK
980 _aNB